000 00481nam a2200181Ia 4500
005 20250603144751.0
008 250603s9999 xx 000 0 und d
020 _a9781032116266
050 _aRC 627.54 .C87/
100 _aEdited by Amponsah, Seth Kwabena
245 0 _aCurrent trends in the diagnosis and management of metabolic disorders
260 _aLondon
260 _bCRC Press
260 _c2024
300 _axi, 303p.: ill.
650 _aLondon
942 _cBK
999 _c39890
_d39890